000 00655cam a22002171 4500
001 sa 68011420
003 DLC
005 20260227112559.0
008 881102s1968 ii 000 0 hino
010 _asa 68011420
035 _a(OCoLC)23546609
040 _aDLC
_cMiU
_dNRU
_dDLC
042 _apremarc
050 0 0 _aPK2057
_b.P34
100 1 _aPardesī, Ramagopāla,
_d1937-
245 1 0 _aGīta, ghajaleṃ, aura muktaka.
_cSampādaka Rāmagopāla Paradesī.
250 _a[1. saṃskaraṇa]
260 _aĀgarā,
_bPragati Prakāśana;
_b[Mukhya vitaraka Virāja Prakāśana,
_c1968]
300 _a96, 16, 68 p.
_c19 cm.
650 0 _aHindi poetry.
999 _c83880
_d83880